000 00926nam a22002537a 4500
005 20170123162346.0
010 _aB-012616
020 _c150.00
_a8186232982
035 _aB-012616
037 _bCen Lib/Ret
040 _aDPL
_bUR
082 _a843.08
_bا و پ
100 _aجین،گیاں چند
_9132895
245 _aاپندر ناتھ اشک /
_cگیاں چند جین
246 _aUpender Nath Ashik /
_bby Gian Chand Jain
260 _aدہلی
_bایجوکیشنل پبلشنگ ہاؤس
_c2000
270 _bدہلی
_a٣٠١٨، گلی عزیز الدین وکیل کچہ پنڈت لال کوان
_e110006
300 _a176p.
_c21cm(Hb)
650 _aادب -- اردو
_9132896
650 _a سوانح حیات - اپیندر ناتھ
_9129554
650 _aLiterature -- Urdu
_9132897
650 _aBiography -- Upendra Nath
_9132898
942 _2ddc
_cUR
_h843.08
_mا و پ
999 _c108917
_d108917